<?xml version="1.0" encoding="UTF-8"?>
<record
    xmlns:xsi="http://www.w3.org/2001/XMLSchema-instance"
    xsi:schemaLocation="http://www.loc.gov/MARC21/slim http://www.loc.gov/standards/marcxml/schema/MARC21slim.xsd"
    xmlns="http://www.loc.gov/MARC21/slim">

  <leader>01059    a2200253   4500</leader>
  <controlfield tag="003">NALT</controlfield>
  <controlfield tag="005">20220613113933.0</controlfield>
  <controlfield tag="008">220613b        th ||||| |||| 00| 0 tha d</controlfield>
  <datafield tag="020" ind1=" " ind2=" ">
    <subfield code="a">9789740217138</subfield>
  </datafield>
  <datafield tag="040" ind1=" " ind2=" ">
    <subfield code="a">NALT</subfield>
  </datafield>
  <datafield tag="041" ind1="1" ind2=" ">
    <subfield code="a">tha</subfield>
    <subfield code="h">chi</subfield>
  </datafield>
  <datafield tag="050" ind1=" " ind2=" ">
    <subfield code="a">CT 1828 </subfield>
    <subfield code="b">&#xE01;412&#xE14; 2563</subfield>
  </datafield>
  <datafield tag="100" ind1="1" ind2=" ">
    <subfield code="a">&#xE01;&#xE31;&#xE27;, &#xE08;&#xE34;&#xE07;</subfield>
    <subfield code="9">58253</subfield>
  </datafield>
  <datafield tag="245" ind1=" " ind2=" ">
    <subfield code="a">&#xE44;&#xE14;&#xE2D;&#xE32;&#xE23;&#xE35;&#xE48;&#xE25;&#xE47;&#xE2D;&#xE01;&#xE14;&#xE32;&#xE27;&#xE19;&#xE4C;&#xE2D;&#xE39;&#xE48;&#xE2E;&#xE31;&#xE48;&#xE19; =</subfield>
    <subfield code="b">Dairy of the Wuhan lockdown / </subfield>
    <subfield code="c">Guo Jing ; &#xE40;&#xE23;&#xE37;&#xE2D;&#xE07;&#xE0A;&#xE31;&#xE22; &#xE23;&#xE31;&#xE01;&#xE28;&#xE23;&#xE35;&#xE2D;&#xE31;&#xE01;&#xE29;&#xE23;, &#xE41;&#xE1B;&#xE25;.</subfield>
  </datafield>
  <datafield tag="250" ind1=" " ind2=" ">
    <subfield code="a">&#xE1E;&#xE34;&#xE21;&#xE1E;&#xE4C;&#xE04;&#xE23;&#xE31;&#xE49;&#xE07;&#xE41;&#xE23;&#xE01;</subfield>
  </datafield>
  <datafield tag="300" ind1=" " ind2=" ">
    <subfield code="a">317 &#xE2B;&#xE19;&#xE49;&#xE32; ;</subfield>
    <subfield code="c">18 &#xE0B;&#xE21;.</subfield>
  </datafield>
  <datafield tag="600" ind1="1" ind2="4">
    <subfield code="9">58251</subfield>
    <subfield code="a">&#xE01;&#xE31;&#xE27;, &#xE08;&#xE34;&#xE07; </subfield>
    <subfield code="x">&#xE1A;&#xE31;&#xE19;&#xE17;&#xE36;&#xE01;&#xE1B;&#xE23;&#xE30;&#xE08;&#xE33;&#xE27;&#xE31;&#xE19;</subfield>
  </datafield>
  <datafield tag="650" ind1=" " ind2="4">
    <subfield code="9">58250</subfield>
    <subfield code="a">&#xE19;&#xE31;&#xE01;&#xE2A;&#xE31;&#xE07;&#xE04;&#xE21;&#xE2A;&#xE07;&#xE40;&#xE04;&#xE23;&#xE32;&#xE30;&#xE2B;&#xE4C; </subfield>
    <subfield code="z">&#xE08;&#xE35;&#xE19;</subfield>
  </datafield>
  <datafield tag="700" ind1="1" ind2=" ">
    <subfield code="9">58252</subfield>
    <subfield code="a">Guo, Jing</subfield>
  </datafield>
  <datafield tag="700" ind1="0" ind2=" ">
    <subfield code="9">8732</subfield>
    <subfield code="a">&#xE40;&#xE23;&#xE37;&#xE2D;&#xE07;&#xE0A;&#xE31;&#xE22; &#xE23;&#xE31;&#xE01;&#xE28;&#xE23;&#xE35;&#xE2D;&#xE31;&#xE01;&#xE29;&#xE23;</subfield>
  </datafield>
  <datafield tag="850" ind1=" " ind2=" ">
    <subfield code="a">NALT</subfield>
  </datafield>
  <datafield tag="942" ind1=" " ind2=" ">
    <subfield code="2">lcc</subfield>
    <subfield code="c">GB</subfield>
  </datafield>
  <datafield tag="998" ind1=" " ind2=" ">
    <subfield code="a">phon</subfield>
    <subfield code="b">phon</subfield>
    <subfield code="c">phon</subfield>
    <subfield code="j">104</subfield>
    <subfield code="k"> &#xE19;&#xE32;&#xE07;&#xE2A;&#xE32;&#xE27;&#xE2A;&#xE32;&#xE22;&#xE1D;&#xE19;  &#xE14;&#xE35;&#xE07;&#xE32;&#xE21;</subfield>
  </datafield>
  <datafield tag="999" ind1=" " ind2=" ">
    <subfield code="c">100263</subfield>
    <subfield code="d">100263</subfield>
  </datafield>
  <datafield tag="952" ind1=" " ind2=" ">
    <subfield code="0">0</subfield>
    <subfield code="1">0</subfield>
    <subfield code="2">lcc</subfield>
    <subfield code="4">0</subfield>
    <subfield code="7">0</subfield>
    <subfield code="8">CGBL</subfield>
    <subfield code="a">NALT</subfield>
    <subfield code="b">NALT</subfield>
    <subfield code="c">GEN</subfield>
    <subfield code="d">2022-06-02</subfield>
    <subfield code="e">20</subfield>
    <subfield code="o">CT 1828 &#xE01;412&#xE14; 2563</subfield>
    <subfield code="p">3961212896</subfield>
    <subfield code="r">2022-06-16 00:00:00</subfield>
    <subfield code="t">&#xE09;.2</subfield>
    <subfield code="w">2022-06-02</subfield>
    <subfield code="y">GB</subfield>
  </datafield>
  <datafield tag="952" ind1=" " ind2=" ">
    <subfield code="0">0</subfield>
    <subfield code="1">0</subfield>
    <subfield code="2">lcc</subfield>
    <subfield code="4">0</subfield>
    <subfield code="7">0</subfield>
    <subfield code="8">CGBL</subfield>
    <subfield code="a">NALT</subfield>
    <subfield code="b">NALT</subfield>
    <subfield code="c">GEN</subfield>
    <subfield code="d">2022-06-02</subfield>
    <subfield code="e">20</subfield>
    <subfield code="o">CT 1828 &#xE01;412&#xE14; 2563</subfield>
    <subfield code="p">3961212767</subfield>
    <subfield code="r">2022-06-16 00:00:00</subfield>
    <subfield code="t">&#xE09;.1</subfield>
    <subfield code="w">2022-06-02</subfield>
    <subfield code="y">GB</subfield>
  </datafield>
</record>
